La democracia en las escuelas: ¿mito o realidad?: informe final

Αποθηκεύτηκε σε:
Λεπτομέρειες βιβλιογραφικής εγγραφής
Κύριος συγγραφέας: Prieto Parra, Marcia (autora)
Άλλοι συγγραφείς: Guzmán Palacios, Luis Alberto (autor)
Μορφή: Βιβλίο
Γλώσσα:Ισπανικά
Έκδοση: s.l s.n 2002
Θέματα:
Ετικέτες: Προσθήκη ετικέτας
Δεν υπάρχουν, Καταχωρήστε ετικέτα πρώτοι!

MARC

LEADER 00000nam a2200000 a 4500
001 UCM9274
003 CL-VaPUC
008 030417e20020000cl |||||||||||||||||spa|d
082 0 4 |a 370.115  |b PRI  |2 21 
100 |a Prieto Parra, Marcia  |e autora  |9 745386 
700 |a Guzmán Palacios, Luis Alberto  |e autor  |9 801041 
245 1 3 |a La democracia en las escuelas: ¿mito o realidad?: informe final 
300 |a v 
942 |c BK 
945 |d 20030417 00:00:00  |a cmena 
260 |a s.l  |b s.n  |c 2002 
500 |a Proyecto Fondecyt Nº1990634 
650 0 |a Democratización de la educación  |9 307986 
650 0 |a Responsabilidad social  |9 339076 
650 0 |a Igualdad de oportunidades  |9 331873 
583 |a last modification  |c 20170808 04:09:54  |k Rodrigo Vera 
999 |c 303597  |d 303595 
952 |0 0  |1 0  |4 0  |6 370_115000000000000_PRI_2002  |7 0  |8 P  |9 365040  |a BIBEDU  |b BIBEDU  |c BIBEDU_PB  |d 2019-11-21  |h v.1  |i 3896714  |o 370.115 PRI 2002  |p 3896714  |r 2024-01-25  |w 2019-11-21  |y BK  |k BME 
952 |0 0  |1 0  |4 0  |6 370_115000000000000_PRI_2002  |7 0  |8 P  |9 365041  |a BIBEDU  |b BIBEDU  |c BIBEDU_PB  |d 2019-11-21  |h v.2  |i 3896722  |o 370.115 PRI 2002  |p 3896722  |r 2024-01-25  |w 2019-11-21  |y BK  |k BME